| 000 | 00392nam a2200169Ia 4500 | ||
|---|---|---|---|
| 003 | OSt | ||
| 005 | 20240502123546.0 | ||
| 008 | 170619s9999 xx 000 0 und d | ||
| 020 | _a9788170088257 | ||
| 040 | _cIIMT ENGINEERING COLLEGE | ||
| 100 | _aPUNMIA- B C | ||
| 245 | 0 | _aHIGHER SERVEYING-III | |
| 260 | _bLaxmi Publication | ||
| 260 | _c2008 | ||
| 546 | _aENGLISH | ||
| 942 |
_2ddc _c01 |
||
| 999 |
_c18698 _d18698 |
||